[Event "Mitropa Cup"]
[Site "Corte"]
[Date "2022.05.01"]
[Round "2.2"]
[White "Blohberger, Felix"]
[Black "Pelletier, Yannick"]
[Result "1-0"]
[WhiteElo "2502"]
[BlackElo "2555"]
[PlyCount "129"]
[EventDate "2022.04.30"]
[EventType "team-tourn"]
[EventRounds "9"]
[EventCountry "FRA"]
[SourceTitle "CBM 208 Extra"]
[Source "ChessBase"]
[SourceDate "2022.07.31"]
[SourceVersion "1"]
[SourceVersionDate "2022.07.31"]
[SourceQuality "1"]
[WhiteTeam "Austria"]
[BlackTeam "Switzerland"]
[WhiteTeamCountry "AUT"]
[BlackTeamCountry "SUI"]

1. d4 Nf6 2. c4 e6 3. Nc3 d5 4. cxd5 exd5 5. Bg5 c6 6. e3 Be7 7. Bd3 Nbd7 8. h3 0-0 9. Qc2 Re8 10. Nf3 Nf8 11. 0-0 Be6 12. Ne5 N6d7 13. Bxe7 Rxe7 14. f4 f6 15. Nf3 Bf7 16. Rae1 c5 17. dxc5 Nxc5 18. Nd4 Nxd3 19. Qxd3 Qb6 20. Qb5 Qxb5 21. Ndxb5 a6 22. Nd4 b5 23. Kf2 b4 24. Nce2 Rae8 25. Nf5 Rd7 26. Rc1 Bg6 27. Ned4 Bxf5 28. Nxf5 Ne6 29. Rfd1 g6 30. Nd4 Nxd4 31. Rxd4 a5 32. Rcd1 Rc8 33. e4 Kf7 34. exd5 Rc5 35. R1d2 Ke7 36. Re4+ Kf7 37. Red4 Rd6 38. g4 f5 39. g5 Kf8 40. Ke2 Ke7 41. Kd1 Kd7 42. R2d3 Kd8 43. Kd2 Kd7 44. a3 bxa3 45. bxa3 Kc7 46. Ke3 Kd7 47. Kf3 Kc7 48. Ke2 Rc2+ 49. Rd2 Rc3 50. R4d3 Rc4 51. Kf3 Rc5 52. h4 Kd8 53. Ke3 Kc7 54. h5 gxh5 55. Rh2 h6 56. Rxh5 hxg5 57. fxg5 Kd7 58. Rh7+ Ke8 59. Rb3 Rcxd5 60. Rb8+ Rd8 61. Rxd8+ Rxd8 62. g6 f4+ 63. Ke4 f3 64. Rh8+ Ke7 65. Rxd8 1-0

[Event "SUI-chT"]
[Site "Switzerland"]
[Date "2021.11.06"]
[Round "6.1"]
[White "Pelletier, Yannick"]
[Black "Stojanovic, Mihajlo"]
[Result "1/2-1/2"]
[WhiteElo "2555"]
[BlackElo "2500"]
[PlyCount "64"]
[EventDate "2021.08.29"]
[EventType "team-tourn"]
[EventRounds "9"]
[EventCountry "SUI"]
[SourceTitle "EXT 2023"]
[Source "ChessBase"]
[SourceDate "2022.10.05"]
[SourceVersion "1"]
[SourceVersionDate "2022.10.05"]
[SourceQuality "1"]
[WhiteTeam "Zuerich"]
[BlackTeam "Reti"]
[WhiteTeamCountry "SUI"]
[BlackTeamCountry "SUI"]

1. d4 d5 2. c4 e6 3. Nc3 Be7 4. Bf4 Nf6 5. e3 0-0 6. a3 dxc4 7. Bxc4 Nbd7 8. Rc1 c5 9. Nge2 a6 10. Ba2 b5 11. d5 e5 12. d6 exf4 13. Nxf4 c4 14. b3 Nb6 15. dxe7 Qxe7 16. bxc4 Rd8 17. Qb3 Nxc4 18. Qb4 Ra7 19. Bxc4 bxc4 20. 0-0 Qxb4 21. axb4 Rb7 22. Rfd1 Rxd1+ 23. Rxd1 Bd7 24. Rd6 Rxb4 25. Rxa6 Kf8 26. Ra8+ Ne8 27. Ra7 Bc6 28. f3 g5 29. Nfe2 Rb2 30. Nd4 Bb7 31. Ra5 g4 32. Rc5 gxf3 1/2-1/2

[Event "SUI-ch 120th"]
[Site "Flims"]
[Date "2021.07.14"]
[Round "7"]
[White "Pelletier, Yannick"]
[Black "Baenziger, Fabian"]
[Result "1/2-1/2"]
[WhiteElo "2581"]
[BlackElo "2392"]
[PlyCount "89"]
[EventDate "2021.07.08"]
[EventType "tourn"]
[EventRounds "9"]
[EventCountry "SUI"]
[EventCategory "5"]
[SourceTitle "CBM 203 Extra"]
[Source "ChessBase"]
[SourceDate "2021.09.30"]
[SourceVersion "1"]
[SourceVersionDate "2021.09.30"]
[SourceQuality "1"]

1. Nf3 d5 2. g3 Bg4 3. Bg2 Nd7 4. h3 Bh5 5. d4 e6 6. 0-0 Ngf6 7. c4 c6 8. Qb3 Qb6 9. Nc3 Be7 10. Nh4 0-0 11. g4 Bg6 12. Nxg6 hxg6 13. Rd1 Rfd8 14. Bg5 Re8 15. e3 Rad8 16. Rd2 dxc4 17. Qxc4 Qa5 18. Bh4 Bd6 19. a3 Nb6 20. Qf1 Nbd5 21. b4 Qc7 22. Rc1 Qb8 23. Na4 e5 24. dxe5 Bxe5 25. Rcd1 Qc7 26. Nc5 Kh7 27. b5 Qb6 28. Nxb7 Qxb7 29. bxc6 Qxc6 30. Bxf6 Qxf6 31. Rxd5 Rxd5 32. Rxd5 g5 33. Qc4 g6 34. Rd7 Re7 35. Qd5 Kg7 36. Qb7 Bd6 37. Rxe7 Qxe7 38. Qb2+ Qe5 39. Qa2 a5 40. a4 Kf6 41. Qb3 Qa1+ 42. Bf1 Qe5 43. Bg2 Qa1+ 44. Bf1 Qe5 45. Bg2 1/2-1/2

[Event "SUI-ch 120th"]
[Site "Flims"]
[Date "2021.07.13"]
[Round "6"]
[White "Sedina, Elena"]
[Black "Pelletier, Yannick"]
[Result "0-1"]
[WhiteElo "2294"]
[BlackElo "2581"]
[PlyCount "90"]
[EventDate "2021.07.08"]
[EventType "tourn"]
[EventRounds "9"]
[EventCountry "SUI"]
[EventCategory "5"]
[SourceTitle "CBM 203 Extra"]
[Source "ChessBase"]
[SourceDate "2021.09.30"]
[SourceVersion "1"]
[SourceVersionDate "2021.09.30"]
[SourceQuality "1"]

1. e4 c5 2. Nf3 d6 3. Bb5+ Nd7 4. d4 cxd4 5. Qxd4 a6 6. Bxd7+ Bxd7 7. c4 Nf6 8. Bg5 e6 9. Nc3 Be7 10. e5 dxe5 11. Nxe5 h6 12. Bh4 Qc7 13. Nxd7 Qxd7 14. Qxd7+ Nxd7 15. Bxe7 Kxe7 16. 0-0-0 Rac8 17. Rd4 Rhd8 18. Re1 g5 19. Kc2 f5 20. b3 Nb8 21. Red1 Rxd4 22. Rxd4 Nc6 23. Rd1 h5 24. a3 h4 25. h3 Ne5 26. Re1 Kf6 27. Ne2 b5 28. f4 Ng6 29. fxg5+ Kxg5 30. Nd4 e5 31. Nf3+ Kf4 32. Kc3 a5 33. Rd1 bxc4 34. bxc4 e4 35. Nd4 Ne5 36. Rf1+ Ke3 37. Re1+ Kf2 38. Re2+ Kf1 39. Kd2 Nxc4+ 40. Kc3 Ne5+ 41. Kd2 Nc4+ 42. Kc3 Nxa3+ 43. Kb3 Rd8 44. Rd2 e3 45. Rd1+ Kf2 0-1

[Event "SUI-ch 120th"]
[Site "Flims"]
[Date "2021.07.12"]
[Round "5"]
[White "Pelletier, Yannick"]
[Black "Gaehwiler, Gabriel"]
[Result "1-0"]
[WhiteElo "2581"]
[BlackElo "2401"]
[PlyCount "81"]
[EventDate "2021.07.08"]
[EventType "tourn"]
[EventRounds "9"]
[EventCountry "SUI"]
[EventCategory "5"]
[SourceTitle "CBM 203 Extra"]
[Source "ChessBase"]
[SourceDate "2021.09.30"]
[SourceVersion "1"]
[SourceVersionDate "2021.09.30"]
[SourceQuality "1"]

1. Nf3 Nf6 2. c4 e6 3. Nc3 d5 4. cxd5 Nxd5 5. e4 Nxc3 6. bxc3 c5 7. Bc4 Nd7 8. 0-0 Nb6 9. Bb3 Bd7 10. d4 cxd4 11. cxd4 Bb5 12. Re1 Be7 13. a4 Ba6 14. a5 Nd7 15. d5 exd5 16. exd5 0-0 17. Bb2 Bf6 18. Bxf6 Qxf6 19. Rc1 Rad8 20. Re3 g6 21. Nd2 Qd4 22. Ne4 Qxd1+ 23. Rxd1 Kg7 24. Ba4 b6 25. Rc3 bxa5 26. Rc7 Nb6 27. Bc6 Bc4 28. d6 Bb3 29. Rd4 Rc8 30. Bb7 Rcd8 31. Nc5 Rfe8 32. h4 a4 33. Bc6 Re1+ 34. Kh2 Rc1 35. Bb5 a6 36. Bxa6 Na8 37. Nxb3 Nxc7 38. dxc7 Rxc7 39. Rxd8 axb3 40. Rb8 Rc3 41. f3 1-0

[Event "EU-Cup Online Gr-D"]
[Site "Tornelo INT"]
[Date "2021.03.28"]
[Round "8.2"]
[White "Babazada, Khazar Araz"]
[Black "Pelletier, Yannick"]
[Result "1-0"]
[WhiteElo "2409"]
[BlackElo "2581"]
[PlyCount "97"]
[EventDate "2021.03.27"]
[EventType "team-tourn (rapid)"]
[EventRounds "9"]
[EventCountry "NET"]
[SourceTitle "CBM 201 Extra"]
[Source "ChessBase"]
[SourceDate "2021.05.31"]
[SourceVersion "1"]
[SourceVersionDate "2021.05.31"]
[SourceQuality "1"]
[WhiteTeam "Ganclik"]
[BlackTeam "Zuerich SG"]
[WhiteTeamCountry "AZE"]
[BlackTeamCountry "SUI"]

1. e4 c6 2. d4 d5 3. Nc3 dxe4 4. Nxe4 Bf5 5. Ng3 Bg6 6. Nf3 Nd7 7. h4 h6 8. h5 Bh7 9. Bd3 Bxd3 10. Qxd3 e6 11. Bd2 Ngf6 12. 0-0-0 Be7 13. Ne4 Nxe4 14. Qxe4 Nf6 15. Qe2 Qd5 16. c4 Qe4 17. Qxe4 Nxe4 18. Be1 Bf6 19. Ne5 c5 20. f3 cxd4 21. Ng4 Bg5+ 22. Kc2 Nf6 23. Rxd4 Nxg4 24. Rxg4 0-0-0 25. Bc3 f5 26. Rxg5 hxg5 27. Bxg7 Rh7 28. h6 Rd7 29. Re1 Rc7 30. Rxe6 Rxc4+ 31. Kd3 Ra4 32. Rf6 g4 33. Ke3 gxf3 34. Kxf3 Rh4 35. Rxf5 R4xh6 36. Bxh6 Rxh6 37. g4 Rh7 38. Rd5 Kc7 39. g5 Rh1 40. Rd2 Rg1 41. Rg2 Rf1+ 42. Ke4 Kd6 43. g6 Re1+ 44. Kf5 Rf1+ 45. Kg5 Ke7 46. Rg4 Rh1 47. Rh4 Rg1+ 48. Kh6 Kf8 49. Kh7 1-0

[Event "EU-Cup Online Gr-D"]
[Site "Tornelo INT"]
[Date "2021.03.27"]
[Round "4.2"]
[White "Pelletier, Yannick"]
[Black "Howell, David"]
[Result "0-1"]
[WhiteElo "2581"]
[BlackElo "2658"]
[PlyCount "124"]
[EventDate "2021.03.27"]
[EventType "team-tourn (rapid)"]
[EventRounds "9"]
[EventCountry "NET"]
[SourceTitle "CBM 201 Extra"]
[Source "ChessBase"]
[SourceDate "2021.05.31"]
[SourceVersion "1"]
[SourceVersionDate "2021.05.31"]
[SourceQuality "1"]
[WhiteTeam "Zuerich SG"]
[BlackTeam "Guildford"]
[WhiteTeamCountry "SUI"]
[BlackTeamCountry "ENG"]

1. d4 Nf6 2. c4 e6 3. Nc3 Bb4 4. Nf3 c5 5. e3 0-0 6. Bd3 d5 7. 0-0 cxd4 8. exd4 dxc4 9. Bxc4 b6 10. Bg5 Bb7 11. Re1 Nc6 12. a3 Be7 13. Qd3 h6 14. Bf4 Bd6 15. Be5 Bxe5 16. dxe5 Qxd3 17. Bxd3 Rfd8 18. Rad1 Nd7 19. Be4 Na5 20. Bxb7 Nxb7 21. b4 Rac8 22. Nb5 a6 23. Na7 Rc3 24. Rc1 Rxc1 25. Rxc1 b5 26. h4 Nb6 27. Rc6 Nc4 28. Rxa6 Ra8 29. Nd4 Nxe5 30. Ndxb5 Rd8 31. Nc6 Rd1+ 32. Kh2 Ng4+ 33. Kg3 h5 34. Ra8+ Kh7 35. Rb8 Nd6 36. Nxd6 Rxd6 37. b5 Rd3+ 38. f3 Rxa3 39. b6 Ne3 40. b7 Nf5+ 41. Kf4 Rb3 42. Na5 Rb4+ 43. Ke5 Rb5+ 44. Ke4 Nd6+ 45. Kd3 Kg6 46. Nc4 Rb3+ 47. Kc2 Rxb7 48. Ne5+ Kf6 49. Rxb7 Nxb7 50. Nc4 Kf5 51. g3 e5 52. Kd2 f6 53. Ke3 Ke6 54. f4 Nd6 55. Nd2 Kf5 56. fxe5 fxe5 57. Nf3 Ne4 58. g4+ hxg4 59. Ne1 Nf6 60. Ng2 Nd5+ 61. Kf2 e4 62. Kg3 e3 0-1

[Event "Capechecs Online Trophy-B"]
[Site "Europe Echecs INT"]
[Date "2020.10.24"]
[Round "10"]
[White "Gunina, Valentina"]
[Black "Pelletier, Yannick"]
[Result "1-0"]
[WhiteElo "2431"]
[BlackElo "2581"]
[PlyCount "77"]
[EventDate "2020.10.23"]
[EventType "tourn (rapid)"]
[EventRounds "14"]
[EventCountry "FRA"]
[EventCategory "12"]
[SourceTitle "EXT 2022"]
[Source "ChessBase"]
[SourceDate "2021.10.06"]
[SourceVersion "1"]
[SourceVersionDate "2021.10.06"]
[SourceQuality "1"]

1. d4 Nf6 2. c4 e6 3. Nf3 d5 4. Nc3 Nbd7 5. Bg5 h6 6. Bh4 dxc4 7. e3 c5 8. Bxc4 cxd4 9. Nxd4 Be7 10. 0-0 0-0 11. Bg3 Nb6 12. Bb3 Bd7 13. Rc1 a6 14. h3 Rc8 15. Qf3 Bc6 16. Nxc6 Rxc6 17. Rcd1 Qc8 18. Ne2 Rd8 19. Be5 Nc4 20. Bc3 Nd5 21. Bd4 Na5 22. Qg3 Bf8 23. Bxd5 Rxd5 24. Nc3 Rg5 25. Qf3 e5 26. Ba7 Rcg6 27. Ne4 Rxg2+ 28. Kh1 R6g3 29. Qxg2 Rxg2 30. Kxg2 Qc2 31. Ng3 Nc6 32. Bb6 Qxb2 33. Bc7 Qxa2 34. Rb1 b5 35. Ra1 Qd5+ 36. e4 Qd7 37. Rfc1 Nd4 38. Rxa6 f6 39. Ra8 1-0

[Event "Capechecs Online Trophy-B"]
[Site "Europe Echecs INT"]
[Date "2020.10.24"]
[Round "14"]
[White "Pelletier, Yannick"]
[Black "Bacrot, Etienne"]
[Result "0-1"]
[WhiteElo "2581"]
[BlackElo "2674"]
[PlyCount "74"]
[EventDate "2020.10.23"]
[EventType "tourn (rapid)"]
[EventRounds "14"]
[EventCountry "FRA"]
[EventCategory "12"]
[SourceTitle "EXT 2022"]
[Source "ChessBase"]
[SourceDate "2021.10.06"]
[SourceVersion "1"]
[SourceVersionDate "2021.10.06"]
[SourceQuality "1"]

1. d4 Nf6 2. c4 g6 3. Nc3 Bg7 4. e4 d6 5. Nf3 0-0 6. Be2 e5 7. 0-0 Nc6 8. d5 Ne7 9. b4 Nh5 10. Re1 f5 11. Ng5 Nf6 12. Bf3 Kh8 13. b5 Ne8 14. a4 Rb8 15. a5 h6 16. Ne6 Bxe6 17. dxe6 Qc8 18. Be3 a6 19. Rb1 axb5 20. cxb5 Qxe6 21. a6 Qc8 22. exf5 bxa6 23. bxa6 Rxb1 24. Qxb1 Qxa6 25. fxg6 Nf6 26. Qc1 Nf5 27. Nd5 Nh4 28. Nxc7 Nxf3+ 29. gxf3 Qd3 30. Qb1 Qc4 31. Rc1 Qg8 32. Qb6 Nd5 33. Qxd6 Nxe3 34. fxe3 Rf6 35. Qd3 Qc8 36. Qe4 Bf8 37. Rc2 Qh3 0-1